| 000 | 00503cam a22002051 4500 | ||
|---|---|---|---|
| 001 | 8445644 | ||
| 005 | 20180117040310.0 | ||
| 008 | 761220s1963 txu 000 0 eng | ||
| 010 | _a 63011897 | ||
| 035 | _a(OCoLC)2636654 | ||
| 040 |
_aDLC _cTx _dDLC |
||
| 041 | _aeng | ||
| 080 | _a926.1 REA | ||
| 082 | _a926.1 REA | ||
| 100 | 1 | _a16 | |
| 101 | _aHIS | ||
| 245 | 1 | 0 |
_aG. P. Reagan, _cby Rocky Reagan. |
| 906 |
_a7 _bcbc _coclcrpl _du _encip _f19 _gy-gencatlg |
||
| 942 |
_2ddc _cBK |
||
| 999 |
_c40416 _d40416 |
||